000 00790pam a2200265 a 4500
001 654955
003 SISC
005 20160321093556.0
008 941122s1995 nyu b 000 0 eng
010 _a 94044458
020 _a0028621999
040 _aDLC
_cDLC
_dDLC
050 0 0 _aLB 2369
_b.So267 1995 1998
082 0 0 _aHS 808.02
_bSo6 1995
100 1 _aSorenson, Sharon.
_913221
245 1 0 _aHow to write research papers /
_cSharon Sorenson.
260 _aNew York :
_bMacmillan,
_cc1995.
300 _a106 p. :
_c21 cm.
650 0 _aReport writing.
_91734
906 _a7
_bcbc
_corignew
_d1
_eocip
_f19
_gy-gencatlg
942 _2lcc
_cBK
999 _c9323
_d9323